000 01250nam0a22002651 4500
001 rc\3311323
005 20260409062828.0
021 _aRU
_bРг5444-70
035 _a(NLR Aleph) 007414567
090 _a6851146
_c6851146
100 _a20130115d1970 |||y0rusy50 ca
101 0 _arus
102 _aRU
105 _aa b |||||
200 1 _aДуговая вакуумная электропечь ДСВ-11, 2-Г37 исп. М-02
_e[Каталог]
_f[Изготовитель: Новосиб. завод электротерм. оборудования]
210 _aМосква
_cБ. и.
_d[1970]
215 _a12 с.
_cил.
_d29
225 1 _aОтделение ВНИИЭМ по научно-технической информации в электротехнике. (Информэлектро)
_v13.03.07-70
532 1 1 _aДуговая вакуумная электропечь ДСВ-одиннадцать, два-Г тридцать семь исп. М-02
712 0 2 _aНовосибирский завод электротермического оборудования
_3RU\NLR\AUTH\8810216653
_9319204
801 0 _aRU
_bNLR
_gpsbo
801 1 _aRU
_bELAR
_2rusmarc
852 _aNLR
_jПт 20/1-13.03.07-70
942 _cBOOK
980 _aNB